00560nam a2200169Ia 4500008004000000082001300040100001900053245005200072250000500124260005100129300001100180650003700191690002400228906001100252999001700263952011000280210210b1987 xxu||||| |||| 00| 0 eng d a382 MITI aMITHANI (D M). aIntroduction to international economics. Ed 14. a aBombay.bVora & Co, Publishers Pvt Ltd.,c1987 avi,442 aTrade, International Economics  aInternational Trade a040543 c90318d90318 00102ddc40708COMaALbALd2021-02-17g50.00l0o382 MITIp040543r2021-02-17 00:00:00w2021-02-17yBK